The apostle: a life of Paul, (Record no. 1519)

MARC details
000 -LEADER
fixed length control field 00868cam a2200277 4500
001 - CONTROL NUMBER
control field 20716
003 - CONTROL NUMBER IDENTIFIER
control field GBCCL
005 - DATE AND TIME OF LATEST TRANSACTION
control field 20241126110403.0
008 - FIXED-LENGTH DATA ELEMENTS--GENERAL INFORMATION
fixed length control field 690814s1969 nyub b 000 0beng
010 ## -
-- 69015194 //r862
035 ## - SYSTEM CONTROL NUMBER
System control number (OCoLC)00012309
040 ## - CATALOGING SOURCE
Transcribing agency gbc
049 ## -
-- LBBK
-- LBBC
-- 1-2
050 00 -
-- BS2506
-- .P58
082 ## - DEWEY DECIMAL CLASSIFICATION NUMBER
Classification number 225.92
Item number POL
100 1# - MAIN ENTRY--PERSONAL NAME
Personal name Pollock, John Charles.
9 (RLIN) 1348
245 14 - TITLE STATEMENT
Title The apostle: a life of Paul,
Statement of responsibility, etc. by John Pollock.
250 ## - EDITION STATEMENT
Edition statement [1st ed.]
260 ## - PUBLICATION, DISTRIBUTION, ETC.
Place of publication, distribution, etc. Garden City, N.Y.,
Name of publisher, distributor, etc. Doubleday,
Date of publication, distribution, etc. 1969.
300 ## - PHYSICAL DESCRIPTION
Extent xiv, 244 p.
Other physical details maps (on lining papers)
Dimensions 22 cm.
504 ## - BIBLIOGRAPHY, ETC. NOTE
Bibliography, etc. note Bibliographical references included in "Notes" (p. [239]-244)
600 00 - SUBJECT ADDED ENTRY--PERSONAL NAME
Personal name Paul,
Titles and other words associated with a name the Apostle, Saint.
9 (RLIN) 1848
650 #0 - SUBJECT ADDED ENTRY--TOPICAL TERM
Topical term or geographic name entry element Christian saints
Geographic subdivision Turkey
-- Tarsus
General subdivision Biography.
9 (RLIN) 3054
651 #0 - SUBJECT ADDED ENTRY--GEOGRAPHIC NAME
Geographic name Tarsus (Turkey)
General subdivision Biography.
9 (RLIN) 3055
942 ## - ADDED ENTRY ELEMENTS (KOHA)
Source of classification or shelving scheme Dewey Decimal Classification
Koha item type Books
Koha issues (borrowed), all copies 16
Holdings
Withdrawn status Lost status Source of classification or shelving scheme Damaged status Not for loan Home library Current Library Shelving location Date acquired Total checkouts Full call number Barcode Date last seen Date last checked out Copy number Price effective from Koha item type Total renewals
    Dewey Decimal Classification     GRACE BIBLE COLLEGE GRACE BIBLE COLLEGE Biblical Studies 2017-05-03 11 225.92 POL 008072 2026-03-02 2026-02-25 c.2 2017-05-03 Books  
    Dewey Decimal Classification     GRACE BIBLE COLLEGE GRACE BIBLE COLLEGE Biblical Studies 2017-12-15 4 225.92 POL 006418 2026-03-02 2026-02-25 c.1 2017-12-15 Books  
    Dewey Decimal Classification     GRACE BIBLE COLLEGE GRACE BIBLE COLLEGE Biblical Studies 2018-01-19 4 225.92 POL 008076 2025-05-01 2023-08-25 c.3 2018-01-19 Books 1
© Grace Bible College Library 2025